00381nam a2200145Ia 450000500170000000800410001708200180005810000190007624500460009526000400014130000120018165000100019365000210020365000110022420250213043121.0240331s9999 xx 000 0 und d bSEN21a305.4 aSeneviratne, M 0aSome Women of the Mahavamsa and Culavamsa aColombobH. W. Cave & Companyc1969 a186 p., aWomen aWomen in History aCeylon